LIBRARY & INFORMATION CENTRE, KCAET, TAVANUR

ONLINE PUBLIC ACCESS CATALOGUE (OPAC)

Mass Communication in Agricultural Extention (Record no. 14641)

MARC details
000 -LEADER
fixed length control field 00383nam a22001457a 4500
020 ## - INTERNATIONAL STANDARD BOOK NUMBER
ISBN 9789381226131
082 ## - DEWEY DECIMAL CLASSIFICATION NUMBER
Classification number 372.6.
Item number KUM/MA
100 ## - MAIN ENTRY--AUTHOR NAME
Personal name Kumar, Dileep
100 ## - MAIN ENTRY--AUTHOR NAME
Personal name Kadian, K.S
100 ## - MAIN ENTRY--AUTHOR NAME
Personal name Garhwal, O.P.
245 ## - TITLE STATEMENT
Title Mass Communication in Agricultural Extention
260 ## - PUBLICATION, DISTRIBUTION, ETC. (IMPRINT)
Place of publication Delhi
Name of publisher Satish Serial Publishing House
Year of publication 2012
300 ## - PHYSICAL DESCRIPTION
Number of Pages 290
942 ## - ADDED ENTRY ELEMENTS (KOHA)
Koha item type Books
Holdings
Withdrawn status Lost status Damaged status Collection code Home library Current library Shelving location Date acquired Source of acquisition Cost, normal purchase price Full call number Accession Number Koha item type
        KAUAET KAUAET General Stacks 22/07/2016 Ganesh Book Centre 1750.00 372.6. KUM/MA 24595 Books
free website counter